Statistics for Geografia per immagini - M

Click here to take the quiz!

General Stats

  • This quiz has been taken 210 times
  • The average score is 12 of 18

Answer Stats

Answer % Correct
Milano
99%
Male
83%
Mongolia
82%
Mandarino
78%
Madagascar
77%
Malesia
73%
Manhattan
72%
Moldavia
66%
Monsone
62%
Micronesia
61%
Mississippi
58%
Matera
56%
Monaco
56%
Malta
55%
Mar di {Marmara}
51%
Mekong
49%
Madrid
45%
Midwest
42%

Score Distribution

Percentile by Number Answered

Percent of People with Each Score

Your Score History

You have not taken this quiz